[Event "European Seniors"]
[Site "Saint Vincent ITA"]
[Date "2002.10.03"]
[Round "6"]
[White "Gerenski,H"]
[Black "Klundt,K"]
[Result "1/2-1/2"]
[WhiteElo "2264"]
[BlackElo "2385"]

1.d4 Nf6 2.c4 g6 3.Nc3 Bg7 4.e4 O-O 5.Nf3 d6 6.Be2 e5 7.O-O Nc6 8.d5 Ne7
9.Ne1 Nd7 10.Nd3 f5 11.Bd2 Nf6 12.f3 c6 13.b4 b5 14.Nf2 bxc4 15.dxc6 Nxc6
16.Bxc4+ Kh8 17.Rc1 Nd4 18.Be3 fxe4 19.fxe4 Bb7 20.Qd3 d5 21.Bxd5 Nxd5 22.Nxd5 Bxd5
23.exd5 Qxd5 24.Qd2 Rad8 25.Kh1 Qb5 26.Rfd1 Ne6 27.Qb2 a6 28.h3 Nd4 29.Ne4 a5
30.a3  1/2-1/2

[Event "ch-PER"]
[Site "Lima PER"]
[Date "2002.10.04"]
[Round "6"]
[White "Pacheco,M"]
[Black "Gutierrez,Re"]
[Result "1/2-1/2"]
[WhiteElo "2284"]
[BlackElo "2233"]

1.d4 Nf6 2.Nf3 g6 3.c4 Bg7 4.Nc3 O-O 5.e4 d6 6.Be2 e5 7.O-O Nc6 8.d5 Ne7
9.b4 Nh5 10.Re1 a5 11.bxa5 c5 12.Nd2 Nf4 13.Bf1 Rxa5 14.a4 h6 15.Ra3 g5 16.Nb5 Ra6
17.g3 Nfg6 18.Be2 Qd7 19.Bh5 Kh7 20.f3 Qd8 21.Bg4 f5 22.exf5 Nxf5 23.Ne4 Nge7
24.Bb2 Kh8 25.Qb1 Bd7 26.Bc3 Be8 27.Qd1 Bg6 28.Bb2 Nd4 29.Bxd4 exd4 30.Nexd6 Rxd6
31.Nxd6 Qxd6 32.Re6 Qd8 33.d6 Nc6 34.Rxg6 Ne5 35.Re6 Nxc4 36.Rb3 Nxd6 37.Qb1 Rf6
38.Rxf6 Qxf6 39.Rb6 Qe5 40.Qg6 Qe1+ 41.Kg2 Qe2+ 42.Kg1 Qe1+ 43.Kg2 Qe2+  1/2-1/2

[Event "ch-ESP Open"]
[Site "Ayamonte ESP"]
[Date "2002.10.06"]
[Round "3"]
[White "Figuero Toro,J"]
[Black "Garcia Luque,A"]
[Result "0-1"]
[WhiteElo "2260"]
[BlackElo "2400"]

1.Nf3 Nf6 2.d4 g6 3.c4 Bg7 4.Nc3 O-O 5.e4 d6 6.Be2 e5 7.O-O Nc6 8.d5 Ne7
9.Nd2 a5 10.a3 Nd7 11.Rb1 f5 12.b4 Kh8 13.Qc2 Ng8 14.f3 axb4 15.axb4 Ndf6
16.c5 fxe4 17.fxe4 Ng4 18.Nf3 Bh6 19.Bxh6 N8xh6 20.Qd2 Kg7 21.Ra1 Bd7 22.Bb5 Rxa1
23.Rxa1 Nf7 24.Bxd7 Qxd7 25.Ra7 Rb8 26.Ra1 dxc5 27.bxc5 Qe7 28.Ra5 b6 29.Rb5 Ra8
30.d6 Ra1+ 31.Rb1 Rxb1+ 32.Nxb1 Qd7 33.h3 Nf6 34.cxb6 cxb6 35.Nc3 Qxd6 36.Qxd6 Nxd6
37.Kf2 Nfxe4+ 38.Nxe4 Nxe4+ 39.Ke3 Nc5 40.Nxe5 Kf6 41.Nc4 b5 42.Nd6 b4 43.Kd4 Ne6+
44.Kc4 Nf4 45.g3 Nxh3 46.Kxb4 Kg5 47.Kc3 Kg4 48.Ne4 Ng5 49.Nf6+ Kxg3 50.Kd3 Kf3  0-1

[Event "ch-ESP Gp B"]
[Site "Ayamonte ESP"]
[Date "2002.10.06"]
[Round "3"]
[White "Herraiz Hidalgo,H"]
[Black "Illescas Cordoba,M"]
[Result "1/2-1/2"]
[WhiteElo "2458"]
[BlackElo "2585"]

1.Nf3 Nf6 2.c4 g6 3.Nc3 Bg7 4.e4 d6 5.d4 O-O 6.Be2 e5 7.O-O Nc6 8.d5 Ne7
9.Bg5 Nh5 10.Ne1 Nf4 11.Nd3 Nxe2+ 12.Qxe2 h6 13.Bd2 f5 14.f4 exf4 15.Nxf4 g5
16.Nh5 Be5 17.exf5 Bxf5 18.g4 Bg6 19.Rxf8+ Qxf8 20.Rf1 Qc8 21.Ne4 Bxh5 22.gxh5 Qh3
23.Nf6+ Kh8 24.Bc3 Bxc3 25.bxc3 Ng8 26.Qe4 Nxf6 27.Rxf6 Qxh5 28.Qe6 Kg7 29.Qe7+  1/2-1/2

[Event "ch-ESP Open"]
[Site "Ayamonte ESP"]
[Date "2002.10.06"]
[Round "3"]
[White "Camarena Gimenez,R"]
[Black "Garcia Garcia,R"]
[Result "0-1"]
[WhiteElo "2387"]
[BlackElo "2263"]

1.d4 Nf6 2.c4 g6 3.Nc3 Bg7 4.e4 d6 5.Be2 O-O 6.Nf3 e5 7.O-O Nc6 8.d5 Ne7
9.Bg5 h6 10.Bxf6 Bxf6 11.b4 Bg7 12.c5 f5 13.Nd2 Kh8 14.cxd6 cxd6 15.Nc4 a6
16.a4 b6 17.Qd3 Rb8 18.Rac1 Bb7 19.g3 h5 20.Qe3 Bc8 21.Bd3 f4 22.Qe2 Bh6
23.Rc2 Bh3 24.Re1 f3 25.Qd1 Ra8 26.Nd2 Bg4 27.Bf1 Qd7 28.Nc4 Rab8 29.Ne3 Bxe3
30.Rxe3 Ra8 31.a5 bxa5 32.bxa5 h4 33.Rb2 hxg3 34.hxg3 Nc8 35.Qa4 Qh7 36.Qc6 Ra7
37.Rb8 Rc7 38.Qxa6 Bh3 39.Rb3 Bxf1 40.Qxf1 Qh5  0-1

[Event "TCh2-BEL 2002-3"]
[Site "Belgium BEL"]
[Date "2002.10.06"]
[Round "1"]
[White "Sadkowsky,D"]
[Black "Steen,P"]
[Result "1-0"]
[WhiteElo "2299"]
[BlackElo "2106"]

1.d4 Nf6 2.c4 g6 3.Nc3 Bg7 4.e4 d6 5.Nf3 O-O 6.Be2 e5 7.O-O Nc6 8.d5 Ne7
9.Nd2 a5 10.a3 Bd7 11.b3 c6 12.Ra2 Qb8 13.Rc2 cxd5 14.cxd5 b5 15.b4 axb4
16.axb4 Rc8 17.Nb3 Ra7 18.Bd2 Rxc3 19.Bxc3 Nxe4 20.Be1 Nf6 21.Na5 Rc7 22.Rxc7 Qxc7
23.Bd2 Nexd5 24.Qb3 Qb6 25.Rc1 Ne4 26.Qxd5 Qxf2+ 27.Kh1 Qxe2 28.Qa8+ Bf8
29.Bh6 Nf2+ 30.Kg1 Nh3+ 31.gxh3  1-0

[Event "FSIMB Oct"]
[Site "Budapest HUN"]
[Date "2002.10.06"]
[Round "2"]
[White "Orso,M"]
[Black "Bognar,C"]
[Result "1-0"]
[WhiteElo "2352"]
[BlackElo "2143"]

1.d4 Nf6 2.Nf3 g6 3.c4 Bg7 4.Nc3 O-O 5.e4 d6 6.Be2 e5 7.O-O Nc6 8.d5 Ne7
9.Bg5 h6 10.Bxf6 Bxf6 11.b4 Bg7 12.c5 f5 13.Nd2 fxe4 14.Ndxe4 Nf5 15.Rc1 Nd4
16.Nb5 Bf5 17.Nxd4 exd4 18.Bd3 Kh8 19.cxd6 cxd6 20.Ng3 Rc8 21.Bxf5 gxf5 22.Nh5 Be5
23.Rxc8 Qxc8 24.f4 Bg7 25.Nxg7 Kxg7 26.Qxd4+ Kg6 27.h3 b6 28.Rf3 Rf7 29.Rc3 Qe8
30.Re3 Qc8 31.Re6+ Kh7 32.Rxd6 Qc1+ 33.Kh2 Qc2 34.Rc6 Qxa2 35.Qe5  1-0

[Event "FSIMB Oct"]
[Site "Budapest HUN"]
[Date "2002.10.07"]
[Round "3"]
[White "Galyas,M"]
[Black "Schneider,At"]
[Result "1-0"]
[WhiteElo "2406"]
[BlackElo "2337"]

1.d4 Nf6 2.c4 g6 3.Nc3 Bg7 4.e4 d6 5.Nf3 O-O 6.Be2 e5 7.O-O Nc6 8.d5 Ne7
9.Bg5 h6 10.Bxf6 Bxf6 11.b4 Kg7 12.c5 Ng8 13.a4 Be7 14.c6 bxc6 15.dxc6 f5
16.Nd2 Nf6 17.Qb3 Nxe4 18.Ndxe4 fxe4 19.Nxe4 Rf4 20.f3 d5 21.Rad1 Be6 22.Bc4 dxc4
23.Rxd8 Rxd8 24.Qe3 Rxe4 25.Qxe4 Bf6 26.b5 Rd4 27.Qe1 c3 28.Qxc3 Rxa4 29.Rd1 e4
30.Qe3 Bg5 31.Qc3+ Bf6 32.Qe3 Bg5 33.Qc5 e3 34.Qe5+ Kf7 35.Qxc7+ Kf6 36.g3 e2
37.Re1 Be3+ 38.Kg2 Bb6 39.Qd6  1-0

[Event "ch-PER"]
[Site "Lima PER"]
[Date "2002.10.07"]
[Round "10"]
[White "Oblitas,C"]
[Black "Cotrina Moscoso,W"]
[Result "0-1"]
[WhiteElo "2408"]
[BlackElo "2225"]

1.Nf3 Nf6 2.d4 g6 3.c4 Bg7 4.Nc3 O-O 5.e4 d6 6.Be2 e5 7.O-O Nc6 8.d5 Ne7
9.b4 Nh5 10.Re1 a5 11.Ba3 b6 12.bxa5 Rxa5 13.Bb4 Ra8 14.a4 Nf4 15.Bf1 Nh5
16.Nd2 Nf6 17.Nb5 Ne8 18.Nb3 f5 19.f3 Bb7 20.a5 Nc8 21.Bd3 c5 22.dxc6 Bxc6
23.Qc2 Qh4 24.exf5 gxf5 25.Bxf5 Rxf5 26.Qxf5 Qxc4 27.axb6 Qxb4 28.Qe6+ Kf8
29.N5d4 Rxa1 30.Rxa1 exd4 31.Qxc8 Qxb6 32.Nd2 d3+ 33.Kh1 Bxa1  0-1

[Event "ch-ESP Gp B Playoff"]
[Site "Ayamonte ESP"]
[Date "2002.10.08"]
[Round "4"]
[White "Herraiz Hidalgo,H"]
[Black "Illescas Cordoba,M"]
[Result "1-0"]
[WhiteElo "2458"]
[BlackElo "2585"]

1.Nf3 Nf6 2.c4 g6 3.Nc3 Bg7 4.e4 d6 5.d4 O-O 6.Be2 e5 7.O-O Nc6 8.d5 Ne7
9.Bg5 h6 10.Bxf6 Bxf6 11.b4 Kg7 12.c5 Ng8 13.a4 Bd7 14.Nd2 Bg5 15.Nc4 Be7
16.c6 bxc6 17.dxc6 Bxc6 18.b5 Bd7 19.Nd5 Nf6 20.Nxf6 Bxf6 21.Rc1 Bg5 22.Rc2 a6
23.Ne3 Bxe3 24.fxe3 axb5 25.axb5 Qb8 26.Qb1 Qb6 27.Rc3 Be6 28.Rfc1 Ra2 29.Bf1 Rfa8
30.Qd3 R8a7 31.h3 Ra1 32.Rxa1 Rxa1 33.Kf2 Ra2+ 34.Kg1 Ra4 35.Rc6 Qa5 36.b6 cxb6
37.Qxd6 Ra1 38.Rc7 b5 39.Qxe5+ Kh7 40.Re7 Bc4 41.Re8 Rxf1+ 42.Kh2 g5 43.Rh8+ Kg6
44.Rg8+ Kh5 45.g4+  1-0

[Event "Essent Open"]
[Site "Hoogeveen NED"]
[Date "2002.10.11"]
[Round "1"]
[White "Ionov,S"]
[Black "Van Lommel,P"]
[Result "1-0"]
[WhiteElo "2538"]
[BlackElo "2226"]

1.d4 Nf6 2.c4 g6 3.Nc3 Bg7 4.e4 d6 5.Nf3 O-O 6.Be2 e5 7.O-O Nc6 8.d5 Ne7
9.Nd2 a5 10.a3 c5 11.Rb1 Ne8 12.b4 axb4 13.axb4 b6 14.bxc5 bxc5 15.Nb3 f5
16.Bg5 Bf6 17.Bd2 Kh8 18.Ra1 Rxa1 19.Qxa1 Ng8 20.Qa8 fxe4 21.Be3 Ng7 22.Nxe4 Nf5
23.Bd2 Qe7 24.Bd3 Nh4 25.Qa2 Bf5 26.Qc2 Bxe4 27.Bxe4 Bg5 28.Bc3 Nf6 29.Re1 Kg8
30.Na5 Nxe4 31.Rxe4 Qf7 32.Nc6 Nxg2 33.Bxe5 dxe5 34.Nxe5 Qf5 35.Kxg2 Bh4
36.f3 Bf6 37.Qe2 Rb8 38.Ng4 Kg7 39.Nxf6 Qxf6 40.Qe3 Rb2+ 41.Kg3 Qd6+ 42.Qf4 Qxf4+
43.Kxf4 Kf7 44.h4 Rb3 45.Ke5 Rxf3 46.Kd6 h6 47.Kxc5 g5 48.hxg5 hxg5 49.d6 Ra3
50.d7  1-0

[Event "FSIMB Oct"]
[Site "Budapest HUN"]
[Date "2002.10.12"]
[Round "8"]
[White "Galyas,M"]
[Black "Abella Vazquez,Ce"]
[Result "1/2-1/2"]
[WhiteElo "2406"]
[BlackElo "2117"]

1.d4 Nf6 2.c4 g6 3.Nc3 Bg7 4.e4 d6 5.Nf3 O-O 6.Be2 e5 7.O-O Nc6 8.d5 Ne7
9.Bd2 h6 10.Ne1 Ne8 11.Nd3 f5 12.f3 f4 13.c5 g5 14.Rc1 Ng6 15.a4 Rf7 16.Nb5 Bf8
17.cxd6 cxd6 18.Nf2 h5 19.Qb3 Rg7 20.Rc2 a6 21.Na3 Nh4 22.h3 Nf6 23.Be1 g4
24.fxg4 hxg4 25.hxg4 Nxg4 26.Nxg4 Bxg4 27.Bxg4 Rxg4 28.Qh3 Qg5 29.Bxh4 Rxh4
30.Qe6+ Kh8 31.Rf3 Rh6 32.Rh3 Rxh3 33.Qxh3+ Bh6 34.Rc8+ Rxc8 35.Qxc8+ Kh7
36.Qxb7+ Kh8 37.Qc8+ Kg7 38.Qd7+ Kg8 39.Qh3 f3 40.Qxf3 Qc1+ 41.Kh2 Kh7 42.Qe2 Be3
43.Qh5+ Kg7 44.Qg4+ Kh6 45.Qe6+  1/2-1/2

[Event "FSIMB Oct"]
[Site "Budapest HUN"]
[Date "2002.10.14"]
[Round "10"]
[White "Berczes,D"]
[Black "Alfred,N"]
[Result "1-0"]
[WhiteElo "2232"]
[BlackElo "2251"]

1.d4 Nf6 2.c4 g6 3.Nc3 Bg7 4.e4 d6 5.Nf3 O-O 6.Be2 e5 7.O-O Nc6 8.d5 Ne7
9.Bg5 h6 10.Bxf6 Bxf6 11.b4 Kg7 12.c5 Ng8 13.Nd2 Be7 14.Nb3 f5 15.exf5 gxf5
16.f4 Bf6 17.Rc1 Bd7 18.Kh1 exf4 19.Nd4 Be5 20.c6 bxc6 21.dxc6 Bc8 22.Nd5 Nf6
23.Nxf4 Qe7 24.Qd3 Ne4 25.Nd5 Qg5 26.Rcd1 Kh7 27.Nf3 Qg7 28.Nxe5 dxe5 29.g4 Rg8
30.Ne3 Kh8 31.Nxf5 Bxf5 32.Rxf5 Nd6 33.Rh5 Nf7 34.Qe3 Rad8 35.Rf1 Rd6 36.h4 Rxc6
37.g5 Rd6 38.Bc4 Rf8 39.Qf3 e4 40.Qf5 Qc3 41.Bxf7 Rxf7 42.Qc8+ Kh7 43.Rxf7+ Kg6
44.Qf5+ Kxh5 45.gxh6+ Kxh4 46.Qxe4+ Kg3 47.Rg7+ Qxg7 48.Qe3+  1-0

[Event "NEC Simul"]
[Site "Tokyo JPN"]
[Date "2002.10.20"]
[Round "1"]
[White "Lautier,J"]
[Black "Moriuchi,T"]
[Result "1/2-1/2"]
[WhiteElo "2665"]
[BlackElo "2247"]

1.d4 Nf6 2.c4 g6 3.Nc3 Bg7 4.e4 d6 5.Nf3 O-O 6.Be2 e5 7.O-O Nc6 8.d5 Ne7
9.b4 Nh5 10.Re1 f5 11.Ng5 Nf6 12.Bf3 c6 13.Ba3 cxd5 14.exd5 e4 15.Be2 Nh5
16.Qd2 Nf4 17.Qxf4 Bxc3 18.Qh4 h5 19.Bxh5 Kg7 20.Qg3 Bf6 21.f4 exf3 22.Nxf3 Kh8
23.Rxe7 Qxe7 24.Qxg6 f4 25.Re1 Bf5 26.Qh6+ Qh7 27.Qxh7+ Kxh7 28.Bc1 Rfc8
29.Bxf4 Rxc4 30.Bxd6 Re4 31.Rf1 Rd8 32.Bc5 Rxd5 33.Bf7 Rd7 34.Bb3 b6 35.Bf8 Re8
36.g4 Bd3 37.Rd1 Rxf8 38.Rxd3 Rxd3 39.Bc2 Rd8 40.Ne1  1/2-1/2

[Event "Olympiad"]
[Site "Bled SLO"]
[Date "2002.10.27"]
[Round "2"]
[White "Jiravorasuk,B"]
[Black "Georgiev,Ves"]
[Result "1-0"]
[WhiteElo "2255"]
[BlackElo "2310"]

1.d4 Nf6 2.c4 g6 3.Nc3 Bg7 4.e4 d6 5.Nf3 O-O 6.Be2 e5 7.O-O Nc6 8.d5 Ne7
9.Ne1 Nd7 10.Be3 f5 11.f3 f4 12.Bf2 g5 13.b4 Nf6 14.c5 Ng6 15.a4 h5 16.Rc1 Rf7
17.cxd6 cxd6 18.a5 g4 19.Nb5 g3 20.Bxa7 Ne8 21.Kh1 Bd7 22.Bb6 Qh4 23.Bg1 Qd8
24.Na3 gxh2 25.Bb6 Qg5 26.Bb5 h4 27.Bxd7 Rxd7 28.Rc2 Nf6 29.Nd3 Nh5 30.Nf2 Ng3+
31.Kxh2 h3 32.Nxh3 Nxf1+ 33.Qxf1 Qh5 34.Nb5 Nh4 35.Rc7 Rxc7 36.Nxc7 Rc8 37.b5 Qf7
38.Ne6 Rc2 39.Bf2 Bf6 40.a6 bxa6 41.bxa6 Qh5 42.a7 Qe8 43.Qb1 Rc8 44.Qb7  1-0

[Event "Olympiad w"]
[Site "Bled SLO"]
[Date "2002.10.27"]
[Round "2"]
[White "Varniene,R"]
[Black "Kaps,D"]
[Result "1-0"]
[WhiteElo "2160"]
[BlackElo "2224"]

1.d4 Nf6 2.c4 g6 3.Nc3 Bg7 4.e4 d6 5.Be2 O-O 6.Nf3 e5 7.O-O Nc6 8.d5 Ne7
9.Ne1 Ne8 10.Nd3 f5 11.Bd2 Nf6 12.f3 Kh8 13.Rc1 Neg8 14.c5 Bh6 15.Bxh6 Nxh6
16.Qd2 Nf7 17.Kh1 g5 18.cxd6 cxd6 19.exf5 Bxf5 20.Nf2 a6 21.Bd3 Bd7 22.Nfe4 Nh5
23.Bb1 Nf4 24.g3 Ng6 25.Nf2 Nh6 26.Bxg6 hxg6 27.Nce4 Nf7 28.g4 Kg7 29.Nh3 Kh6
30.Nhxg5 Nxg5 31.h4 Kg7 32.hxg5 Bb5 33.Rf2 a5 34.Nf6 Qb6 35.Rh2 Rh8 36.Rxh8 Rxh8+
37.Kg2 Ba4 38.b3 Bb5 39.Qc2 Rf8 40.Rh1 Rxf6 41.gxf6+ Kxf6 42.Qc8 Qc5 43.Qh8+ Kg5
44.Qh4+ Kf4 45.g5+ Ke3 46.Qf2+ Kf4 47.Qg3+ Ke3 48.f4+ Kd2 49.Qe1+ Kd3 50.Rh3+ Kc2
51.Qe4+ Kb2 52.fxe5 dxe5 53.a4 Bd7 54.Qxe5+ Ka2 55.Rc3 Qb4 56.Rc2+ Kxb3 57.Rb2+ Kxa4
58.Rxb4+ axb4 59.Qe7 Bf5 60.d6 b3 61.d7 b2 62.d8=Q b1=Q 63.Qa8+  1-0

[Event "Olympiad w"]
[Site "Bled SLO"]
[Date "2002.10.27"]
[Round "2"]
[White "Jiretorn,E"]
[Black "Kouvatsou,M"]
[Result "1-0"]
[WhiteElo "2109"]
[BlackElo "2212"]

1.d4 Nf6 2.c4 g6 3.Nc3 Bg7 4.e4 d6 5.Nf3 O-O 6.Be2 e5 7.O-O Nc6 8.d5 Ne7
9.b4 Nh5 10.Re1 Nf4 11.Bf1 f5 12.Bxf4 exf4 13.Rc1 a5 14.a3 axb4 15.axb4 fxe4
16.Nxe4 h6 17.Nd4 Kh7 18.Nc3 Be5 19.Nf3 Bg4 20.Be2 Bxf3 21.Bxf3 Nf5 22.Nb5 Rf7
23.c5 Nh4 24.Be4 Qg5 25.Qd2 Qg4 26.f3 Qd7 27.c6 Qc8 28.Kh1 b6 29.Nd4 Ra4
30.h3 Qa6 31.Ne6 Ra2 32.Rc2 Ra1 33.Kh2 Ra3 34.Re2 Re3 35.Ra2 Qc4 36.Rf2 Bc3
37.Qc2 Qxb4 38.Ra4 Qb5 39.Ra7 Be1 40.Nxc7 Qb4 41.Na6 Bxf2 42.Qxf2 Qc4 43.Rxf7+ Kg8
44.Ra7 Nxg2 45.Ra8+ Kg7 46.Ra7+ Kg8 47.Qb2 Rc3 48.Kxg2 Qxd5  1-0

[Event "Blue Autumn"]
[Site "Bucharest ROM"]
[Date "2002.10.28"]
[Round "6"]
[White "Manolache,M"]
[Black "Djukic,Ni"]
[Result "1-0"]
[WhiteElo "2437"]
[BlackElo "2413"]

1.d4 Nf6 2.c4 g6 3.Nc3 Bg7 4.Nf3 O-O 5.e4 d6 6.Be2 e5 7.O-O Nc6 8.d5 Ne7
9.Nd2 a5 10.a3 Bd7 11.b3 c6 12.Ra2 Qb8 13.Rc2 Bh6 14.Ndb1 Bxc1 15.Qxc1 Be8
16.Qg5 Kg7 17.f4 h6 18.Qh4 exf4 19.Qxf4 Nd7 20.dxc6 bxc6 21.Rd2 Nc8 22.Bg4 Ra7
23.Bxd7 Rxd7 24.Qf6+ Kh7 25.Rd3 Qxb3 26.Rh3 Qb6+ 27.Kh1 Qd8 28.Qf4 g5 29.Qf5+ Kg7
30.Ne2 f6 31.Nd4 Re7 32.Qf2 Bd7 33.Re3 Qb6 34.Rf3 Ref7 35.Nc3 Qc7 36.Nce2 c5
37.Nc2 Ne7 38.Ne3 Qd8 39.Ng3 Ng8 40.Rd1 Kh7 41.Rxd6 Qc7 42.Qd2 Rb8 43.Rf1 Rb3
44.e5  1-0

[Event "10th Chigorin Mem"]
[Site "St Petersburg RUS"]
[Date "2002.10.28"]
[Round "4"]
[White "Najer,E"]
[Black "Sivokho,S"]
[Result "1-0"]
[WhiteElo "2579"]
[BlackElo "2503"]

1.d4 Nf6 2.Nf3 g6 3.c4 Bg7 4.Nc3 O-O 5.e4 d6 6.Be2 e5 7.O-O Nc6 8.d5 Ne7
9.b4 Nh5 10.Re1 f5 11.Ng5 Nf6 12.f3 c6 13.Kh1 cxd5 14.cxd5 h6 15.Ne6 Bxe6
16.dxe6 Rc8 17.Nd5 fxe4 18.Nxf6+ Rxf6 19.fxe4 Nc6 20.Be3 Nd4 21.Rc1 Rxc1
22.Qxc1 Kh7 23.Bc4 b6 24.Kg1 Nxe6 25.Bxe6 Rxe6 26.Qc4 Re7 27.Rd1 Rc7 28.Qe6 Qd7
29.Qxd7 Rxd7 30.a4 Bf8 31.a5 d5 32.Rxd5 Rxd5 33.exd5 Bxb4 34.a6 Ba5 35.d6 b5
36.Kf2 b4 37.Ke2 b3 38.Kd3  1-0

[Event "Olympiad"]
[Site "Bled SLO"]
[Date "2002.10.29"]
[Round "4"]
[White "Grechihin,V"]
[Black "Davila,C"]
[Result "0-1"]
[WhiteElo "2543"]
[BlackElo "2349"]

1.Nf3 Nf6 2.c4 g6 3.Nc3 Bg7 4.e4 d6 5.d4 O-O 6.Be2 e5 7.O-O Nc6 8.d5 Ne7
9.Nd2 c5 10.dxc6 bxc6 11.b4 Be6 12.Nb3 Qc7 13.b5 d5 14.Nc5 Bc8 15.Ba3 d4
16.N3a4 g5 17.Rb1 Rb8 18.Qd2 h6 19.Rfc1 Re8 20.Bd3 Ng6 21.g3 Bf8 22.Bb4 Bd6
23.Nb3 Bxb4 24.Qxb4 Qd7 25.Nd2 cxb5 26.cxb5 Qh3 27.Bf1 Qh5 28.f3 g4 29.Bg2 gxf3
30.Bxf3 Bg4 31.Bxg4 Qxg4 32.Nc5 Nf4 33.Rf1 Kh8 34.Qb3 Rg8 35.Qf3 Qh3 36.Kh1 Ng4
37.Rf2 Nxf2+ 38.Qxf2 Nh5 39.Nf1 Rb6 40.Rb3 Rf6 41.Rf3 Rgg6 42.Rf5 Rxf5 43.Qxf5 Rxg3
44.Qxe5+ Rg7 45.Qf5 Qg2+  0-1

[Event "Olympiad"]
[Site "Bled SLO"]
[Date "2002.10.29"]
[Round "4"]
[White "Li Ying,P"]
[Black "Frick,R"]
[Result "1-0"]
[WhiteElo "2071"]
[BlackElo "2161"]

1.d4 Nf6 2.c4 g6 3.Nc3 Bg7 4.e4 d6 5.Nf3 O-O 6.Be2 e5 7.O-O Nc6 8.d5 Ne7
9.Be3 Ng4 10.Bg5 f6 11.Bh4 h5 12.h3 Nh6 13.Bg3 Bd7 14.Nh2 f5 15.f3 f4 16.Bh4 Nf7
17.b4 g5 18.Bf2 a5 19.a3 Kh7 20.c5 axb4 21.axb4 Rxa1 22.Qxa1 Qc8 23.Rc1 Qb8
24.Nb5 Bxb5 25.Bxb5 c6 26.Bc4 cxd5 27.exd5 Kh6 28.Qb1 Qd8 29.Qe4 Bf6 30.Rd1 Qd7
31.Ra1 Kg7 32.Ra7 Qc8 33.Bd3 Rh8 34.Bb5 Qb8 35.c6 bxc6 36.Bxc6 Qc8 37.b5 Qf5
38.Rxe7  1-0

[Event "Olympiad"]
[Site "Bled SLO"]
[Date "2002.10.29"]
[Round "4"]
[White "Vanderstricht,G"]
[Black "Mariano,N"]
[Result "1/2-1/2"]
[WhiteElo "2403"]
[BlackElo "2408"]

1.d4 Nf6 2.c4 g6 3.Nc3 Bg7 4.e4 d6 5.Nf3 O-O 6.Be2 e5 7.O-O Nc6 8.d5 Ne7
9.b4 Kh8 10.c5 Neg8 11.a4 Nh5 12.Re1 f5 13.Qb3 Nf4 14.Bxf4 exf4 15.Rad1 Qf6
16.Nd4 Re8 17.Ncb5 Re7 18.cxd6 cxd6 19.Ne6 fxe4 20.Nxd6 Qe5 21.Nxc8 Rxc8
22.Nxg7 Rxg7 23.Bg4 Rd8 24.Be6 Nf6 25.Qc4 Rc7 26.Qd4 Qxd4 27.Rxd4 Re7 28.Rdd1 g5
29.Kf1 Rd6 30.Ke2 Ne8 31.h4 Nc7 32.hxg5 Nxe6 33.dxe6 Rexe6 34.Rc1 Re7 35.Red1 Rxd1
36.Rxd1 b6 37.Rd6 Rc7 38.Rd4 Rc2+ 39.Ke1 f3 40.gxf3 exf3 41.Rf4 Re2+ 42.Kf1 Rb2
43.Rxf3 Rxb4 44.a5 Rb5 45.axb6 axb6 46.Rf6 Rxg5  1/2-1/2

[Event "Olympiad w"]
[Site "Bled SLO"]
[Date "2002.10.29"]
[Round "4"]
[White "Turauskiene,R"]
[Black "Fierro Baquero,M"]
[Result "0-1"]
[WhiteElo "2198"]
[BlackElo "2384"]

1.d4 g6 2.c4 Bg7 3.Nc3 d6 4.e4 Nf6 5.Nf3 O-O 6.Be2 e5 7.O-O Nc6 8.d5 Ne7
9.b4 a5 10.bxa5 Rxa5 11.Nd2 Nd7 12.Nb3 Ra8 13.Be3 f5 14.f3 f4 15.Bf2 h5 16.a4 g5
17.a5 Nf6 18.c5 Ng6 19.cxd6 cxd6 20.Nb5 Ne8 21.Rc1 Bd7 22.Bb6 Qe7 23.Nc7 Rc8
24.a6 bxa6 25.Bxa6 Rb8 26.Ba7 Rb4 27.Bf2 Ba4 28.Nxe8 Rxe8 29.Qd2 Rxb3 30.Qa5 Bd7
31.Rc7 g4 32.fxg4 hxg4 33.Bb7 g3 34.Be1 Qh4 35.h3 Bxh3 36.gxh3 Qxh3  0-1

[Event "Olympiad w"]
[Site "Bled SLO"]
[Date "2002.10.29"]
[Round "4"]
[White "Varniene,R"]
[Black "Moncayo Romero,E"]
[Result "1-0"]
[WhiteElo "2160"]
[BlackElo "2173"]

1.d4 Nf6 2.c4 g6 3.Nc3 Bg7 4.e4 d6 5.Be2 O-O 6.Nf3 e5 7.O-O Nc6 8.d5 Ne7
9.Ne1 Nd7 10.Nd3 f5 11.Bd2 Nf6 12.f3 Kh8 13.Rc1 c5 14.Kh1 f4 15.g4 fxg3 16.hxg3 Nh5
17.Kg2 Ng8 18.Rh1 Qf6 19.f4 exf4 20.Bxh5 fxg3 21.Be2 Qd4 22.Qg1 Qf6 23.Qe3 Qe7
24.Qxg3 Rf7 25.Nf4 Nh6 26.Nxg6+ hxg6 27.Bxh6 Kg8 28.Bxg7 Rxg7 29.Rh6  1-0

[Event "Olympiad w"]
[Site "Bled SLO"]
[Date "2002.10.29"]
[Round "4"]
[White "Jiretorn,E"]
[Black "Llaneza Vega,P"]
[Result "0-1"]
[WhiteElo "2109"]
[BlackElo "2312"]

1.d4 Nf6 2.c4 g6 3.Nc3 Bg7 4.e4 d6 5.Nf3 O-O 6.Be2 e5 7.O-O Nc6 8.d5 Ne7
9.Kh1 Nh5 10.g3 f5 11.exf5 gxf5 12.Ng5 Nf6 13.f4 exf4 14.gxf4 Ng6 15.Bh5 Ng4
16.h3 Nh6 17.Rg1 Bd7 18.Qd3 Nf7 19.Nxh7 Nxf4 20.Bxf4 Kxh7 21.Bg6+ Kh8 22.Qg3 Qf6
23.Rg2 Ne5 24.Bh5 Bh6 25.Rag1 Rg8 26.Qxg8+ Rxg8 27.Rxg8+ Kh7 28.Bxh6 Qxh6
29.R1g7+ Qxg7 30.Rxg7+ Kxg7 31.b3 Kf6 32.h4 Nd3 33.Kh2 a6 34.Kg3 Ke5 35.Bg6 Kd4
36.Nd1 f4+ 37.Kh2 Ne5 38.Bh5 b5 39.cxb5 axb5 40.Be2 b4 41.h5 Kxd5 42.Nf2 Kd4
43.Nh3 Ke3 44.Ba6 Be8 45.Ng5 Bxh5 46.Ne6 c5 47.Kg2 f3+ 48.Kf1 f2 49.Nc7 Bf3
50.Ne8 Ng4  0-1

[Event "Olympiad"]
[Site "Bled SLO"]
[Date "2002.10.29"]
[Round "4"]
[White "Cruz,F"]
[Black "Mbambara,T"]
[Result "0-1"]
[WhiteElo "2363"]
[BlackElo "2097"]

1.d4 Nf6 2.Nf3 g6 3.c4 Bg7 4.Nc3 O-O 5.e4 d6 6.Be2 e5 7.O-O Nc6 8.d5 Ne7
9.b4 Ne8 10.Nd2 f5 11.f3 f4 12.a4 g5 13.a5 Ng6 14.c5 h5 15.Nc4 Rf7 16.Ba3 Bf8
17.b5 Rg7 18.b6 cxb6 19.axb6 g4 20.fxg4 hxg4 21.Bxg4 Nh4 22.Bf3 Qg5 23.Ra2 dxc5
24.Na4 Bd7 25.Kh1 Bb5 26.Qb3 Nd6 27.Nxd6 Bxf1 28.Nf5 Nxf5 29.exf5 axb6 30.Qc2 c4
31.Bxf8 Rxf8 32.d6 Bd3 33.Bd5+ Kh8 34.Qc3 Qxf5 35.Nxb6 Be4 36.Ra1 Bxd5 37.Nxd5 Qg6
38.Qh3+ Rh7 39.Qa3 Rg8 40.Rg1 Qg3 41.Qxg3 fxg3 42.Rd1 Rd8 43.Nb6 Rxh2+ 44.Kg1 Rh4  0-1

[Event "2nd Rohde Open"]
[Site "Sautron FRA"]
[Date "2002.10.29"]
[Round "4"]
[White "Lukov,V"]
[Black "Andonov,B"]
[Result "1/2-1/2"]
[WhiteElo "2463"]
[BlackElo "2348"]

1.Nf3 Nf6 2.c4 g6 3.Nc3 Bg7 4.d4 O-O 5.e4 d6 6.Be2 e5 7.O-O Nc6 8.d5 Ne7
9.b4 Nh5 10.Re1 h6 11.a4 f5 12.Ra3 Nf6 13.Nd2 g5 14.exf5 Bxf5 15.Nf1  1/2-1/2

[Event "Olympiad"]
[Site "Bled SLO"]
[Date "2002.10.30"]
[Round "5"]
[White "Neverov,V"]
[Black "Vokac,M"]
[Result "0-1"]
[WhiteElo "2601"]
[BlackElo "2507"]

1.d4 Nf6 2.c4 g6 3.Nc3 Bg7 4.e4 d6 5.Nf3 O-O 6.Be2 e5 7.O-O Nc6 8.d5 Ne7
9.Ne1 Nd7 10.Nd3 f5 11.Bd2 Nf6 12.f3 f4 13.c5 g5 14.Rc1 Ng6 15.cxd6 cxd6
16.Nb5 Rf7 17.Qc2 Ne8 18.a4 h5 19.Nf2 Bd7 20.Qb3 Bf6 21.Bb4 Be7 22.Rc2 a6
23.Na3 g4 24.fxg4 hxg4 25.Bxg4 Bxg4 26.Nxg4 Qb6+ 27.Kh1 a5 28.Nh6+ Kg7 29.Nxf7 Qxb4
30.Qh3 Kxf7 31.Qf5+ Kg7 32.g3 fxg3 33.Qf7+ Kh6 34.Nc4 Ng7 35.Qf3 Rf8 36.Qd3 Rxf1+
37.Qxf1 Nh5 38.Rc3 Ngf4 39.Rxg3 Nxg3+ 40.hxg3 Ng6 41.Qc1+ Kg7 42.Qc2 Bd8
43.Kg2 Bb6 44.Nxb6 Qxb6 45.Qc8 Qxb2+ 46.Kf3 Qb3+ 47.Kf2 Qxa4 48.Qc7+ Kh6
49.Qxd6 Qxe4 50.Qe6 Qd4+ 51.Kg2 a4 52.d6 a3 53.d7 a2  0-1

[Event "Olympiad"]
[Site "Bled SLO"]
[Date "2002.10.30"]
[Round "5"]
[White "Rodgaard,J"]
[Black "Minero Pineda,S"]
[Result "1/2-1/2"]
[WhiteElo "2345"]
[BlackElo "2396"]

1.Nf3 Nf6 2.c4 g6 3.Nc3 Bg7 4.e4 d6 5.d4 O-O 6.Be2 e5 7.O-O Nc6 8.d5 Ne7
9.Ne1 Ne8 10.Be3 f5 11.f3 f4 12.Bf2 h5 13.c5 g5 14.a4 Rf6 15.cxd6 Nxd6 16.Nb5 a6
17.Nxd6 cxd6 18.Rc1  1/2-1/2

[Event "Olympiad w"]
[Site "Bled SLO"]
[Date "2002.10.31"]
[Round "6"]
[White "Timon Piote,S"]
[Black "Moncayo Romero,E"]
[Result "1/2-1/2"]
[WhiteElo "2193"]
[BlackElo "2173"]

1.d4 Nf6 2.Nf3 g6 3.c4 Bg7 4.Nc3 O-O 5.e4 d6 6.Be2 e5 7.O-O Nc6 8.d5 Ne7
9.b4 Nd7 10.Nd2 f5 11.c5 a5 12.cxd6 cxd6 13.Nc4 axb4 14.Nb5 fxe4 15.Ncxd6 Nb6
16.Bg5 h6 17.Bxe7 Qxe7 18.Nxe4 Bf5 19.d6 Qf7 20.Nc5 Rfd8 21.Qb3 e4 22.Rac1 Rxa2
23.Bc4 Nxc4 24.Qxa2 Nxd6 25.Qa5 Qe8 26.Nxd6 Rxd6 27.Qxb4 e3 28.Nxb7 exf2+
29.Rxf2 Rd7 30.Kh1 Qe3 31.Rcf1 Kh7 32.Qb5 Rc7 33.Rxf5 gxf5 34.Qxf5+ Kg8 35.Nd6 Qe5
36.Qd3 Qe6 37.Ne4 Re7 38.Ng3 Rd7 39.Qb5 Be5 40.Nf5 Kh7 41.Qb1 Qg6 42.Nh4 Qxb1
43.Rxb1 Bf6 44.Nf3 Ra7 45.Rd1 Kg6 46.Kg1 Ra1 47.Rxa1 Bxa1 48.Kf2 Kf5 49.Kg3 Bc3
50.Kh4 Kg6 51.Kg4 Bb2 52.Kf4 Kf6 53.g4 Ba1 54.h4 Bb2 55.Ke4 Bc3 56.Nd4 Be1
57.Nf5 Kg6 58.Ke5 h5 59.g5 Bxh4 60.Nxh4+ Kxg5 61.Nf5  1/2-1/2

[Event "Olympiad"]
[Site "Bled SLO"]
[Date "2002.10.31"]
[Round "6"]
[White "Kropff,R"]
[Black "Braga,C"]
[Result "0-1"]
[WhiteElo "2308"]
[BlackElo "2415"]

1.d4 Nf6 2.Nf3 g6 3.c4 Bg7 4.Nc3 O-O 5.e4 d6 6.Be2 e5 7.O-O Nc6 8.d5 Ne7
9.Ne1 Ne8 10.g4 f5 11.f3 Kh8 12.Nd3 Ng8 13.g5 f4 14.h4 h6 15.Kf2 hxg5 16.hxg5 Qxg5
17.Rh1+ Bh6 18.Qg1 Qxg1+ 19.Rxg1 Kh7 20.Ke1 Ngf6 21.c5 Nh5 22.a4 Ng3 23.b3 g5
24.Ba3 Rf7 25.cxd6 cxd6 26.Nb2 Bf8 27.Nc4 Rf6 28.Bd1 Kg8 29.Rc1 Bd7 30.Na5 b6
31.Nc6 Kf7 32.Nb1 a6 33.Nd2 b5 34.Bc2 Be7 35.Bb4 Bd8 36.a5 Rh6 37.Bd3 Bf6
38.Nb1 g4 39.Nd2 gxf3 40.Nxf3 Bg4 41.Kf2 Rh3 42.Bf1 Nxe4+ 43.Ke1 Rxf3 44.Rxg4 Re3+
45.Be2 f3 46.Rc2 fxe2 47.Rxe2 Rxe2+ 48.Kxe2 Nc5 49.Rg3 Nc7 50.Bxc5 dxc5 51.d6 Ne6  0-1